Catálogo

EL SECRETO MAS GRANDE DEL MUNDO (Registro nro. 20472)

Detalles MARC
000 -LEADER
fixed length control field 00443nam a2200169 a 4500
001 - CONTROL NUMBER
control field 20472
005 - DATE AND TIME OF LATEST TRANSACTION
control field 20180713214048.0
008 - FIXED-LENGTH DATA ELEMENTS--GENERAL INFORMATION
fixed length control field 140415s1977 000 0 spa d
041 ## - LANGUAGE CODE
Language code of text/sound track or separate title spa
082 ## - DEWEY DECIMAL CLASSIFICATION NUMBER
Classification number 158.1
Item number MAN
100 1# - MAIN ENTRY--PERSONAL NAME
Personal name Mandino, Og,.
245 13 - TITLE STATEMENT
Title EL SECRETO MAS GRANDE DEL MUNDO
260 ## - PUBLICATION, DISTRIBUTION, ETC.
Place of publication, distribution, etc. [s.l.] :
Name of publisher, distributor, etc. DIANA,
Date of publication, distribution, etc. 1977
300 ## - PHYSICAL DESCRIPTION
Extent 192
650 14 - SUBJECT ADDED ENTRY--TOPICAL TERM
Topical term or geographic name entry element EXITO
General subdivision PERSONALIDAD
700 1# - ADDED ENTRY--PERSONAL NAME
Personal name ALVAREZ FRANCO, MARGARITA
Relator term tr.
Existencias
Withdrawn status Lost status Source of classification or shelving scheme Damaged status Not for loan Collection code Home library Current library Shelving location Date acquired Source of acquisition Total Checkouts Full call number Barcode Price effective from Koha item type Inventory number Date last seen Date last checked out
    Dewey Decimal Classification   Staff Collection Staff Collection Biblioteca Karol Wojtyla Biblioteca Karol Wojtyla Procesos técnicos 03/12/2013 Compra   158.1 MAN 40295 12/07/2018 Libro      
    Dewey Decimal Classification     General Biblioteca Karol Wojtyla Biblioteca Karol Wojtyla Sala general 03/12/2013 Compra   158.1 MAN 40294 03/12/2013 Libro 151000000000000000063629 05/01/2026 04/08/2016